=LDR 00000nam 2200000 4500 =001 $a INLIS000000000008557 =005 $a 20260702141715 =008 $a 260702################g##########0#ind## =022 ##$$a 978-979-27-9506-6 =035 ##$$a 0010-0726000006 =082 ##$$a 650.1 =084 ##$$a 650.1 DED p =100 #$$a Dedy Dahlan =245 ##$$a Passion! Ubah hobi jadi duit $b - $c Dedy Dahlan ; ilustrator Ganesh =247 ##$$a =260 ##$$a Jakarta $b PT. Elex Media Komputindo $c 2011 =300 ##$$a xiv, 196 hlm $b ilus $c 21 cm $e =310 ##$$a =321 ##$$a =520 #$$a =650 #$$a sukses dalam bisnis =700 #$$a Ganesh (ilustrator) =856 ##$$a =Wor $a 1